000 00464nam a22001577a 4500
003 OSt
082 _a664
_bABH/MO
088 _a585
100 _aABHISHIKTH ALBY
_aALEENA SUNIL
_aANAMIKA KRISHNAN
_aMANYA MANOJ
_95504
245 _aMODIFICATION AND EVALUATION OF JACK FRUIT SEED PEELER
260 _aTAVANUR
_bDEPARTMENT OF PROCESSING AND FOOD ENGINEERING
_c2023
300 _a88
700 _aRAJESH G K (Guide),
700 _aANJALY M G (Guide)
_95327
942 _cPR
999 _c17724
_d17724